| 000 | 00485ntm a2200157 i 4500 | ||
|---|---|---|---|
| 001 | 180914 | ||
| 003 | ES-MaACL | ||
| 005 | 20230906221221.0 | ||
| 008 | 120828q2001 sp |||| |bspa d | ||
| 245 | 0 | 0 |
_aTomás Barros _b: (Toledo 1922- A Coruña 1986) : bio-bibliografía. |
| 260 |
_a[S.l. : _bs.n., _ch. 2001] |
||
| 300 |
_a26 h. ; _c30 cm. |
||
| 597 | _aEjemp. mecanografiado. | ||
| 600 | 1 | 4 |
_aBarros, Tomás ( _d1922-1986) _926051 |
| 852 |
_aES-MaACL _j2124-F-8 _z- Enc. canutillo |
||
| 999 |
_c180914 _d180914 |
||